This, But Not That XIX Quiz Stats

 Plays Quiz not verified by Sporcle

Score 0/18 Timer 05:00
1 Play Today
% Correct
Synonyms of Aroma
93.7%
Five Senses
93.7%
Seven Deadly Sins
91.1%
Soft Drink Brands
91%
Mythical Creatures
89%
Tennis Scores
88.9%
Legal Proceedings
88.6%
iPod Models
87.5%
Parts of a Rifle
85.4%
% Correct
Will Ferrell Movies
84.8%
Alarm Devices
83.8%
Arboreal Animals
83.2%
Internet Pests
83.2%
Groups of Animals
78.9%
Star Trek Movie Title Words
76.1%
Marvel Villain Organizations
67.4%
AMC car models
62.7%
Species of Sharks
58.3%

You're not logged in!

Compare scores with friends on all Sporcle quizzes.
OR
Log In

Show Comments

Extras

Top Quizzes Today


Score Distribution

Your Account Isn't Verified!

In order to create a playlist on Sporcle, you need to verify the email address you used during registration. Go to your Sporcle Settings to finish the process.

Report this User

Report this user for behavior that violates our Community Guidelines.

Details: